000 00453nam a2200193Ia 4500
005 20250425161013.0
008 250425s9999 xx 000 0 und d
041 _aspa
043 _aec
082 _a864.69866
100 _aBENITES VINUEZA, LEOPOLDO
245 0 _aECUADOR : DRAMA Y PARADOJA
250 _a2A ED.
260 _aEcuador
_bBANCO CENTRAL DEL ECUADOR
_c1986
260 _aQUITO
300 _a326
942 _c01
010 _a10367
999 _c200482
_d200482